[Event "Pan American-ch School U11 12th"]
[Site "Callao"]
[Date "2023.10.16"]
[Round "2"]
[White "Vilca Contreras, Dante Ivan"]
[Black "Barboza Huaman, Sebastian Gael"]
[Result "1-0"]
[WhiteElo "1557"]
[BlackElo "1139"]
[PlyCount "37"]
[EventDate "2023.10.16"]
[EventType "swiss"]
[EventRounds "9"]
[EventCountry "PER"]
[SourceTitle "CB48_2023"]
[SourceDate "2023.11.29"]
[SourceVersion "1"]
[SourceVersionDate "2023.11.29"]
[SourceQuality "1"]

1. d4 Nf6 2. c4 g6 3. Nc3 d5 4. cxd5 Nxd5 5. e4 Nxc3 6. bxc3 Bg7 7. Bc4 c5 8. Ne2 cxd4 9. cxd4 0-0 10. 0-0 e6 11. Be3 Nc6 12. Rc1 Bd7 13. d5 Ne5 14. dxe6 Nxc4 15. Qxd7 Nxe3 16. fxe3 Qxd7 17. exd7 Rfd8 18. Rc7 Rab8 19. Rb1 1-0